| 000 | 00411nam a22001817a 4500 | ||
|---|---|---|---|
| 003 | NUST | ||
| 020 | _a 9788130915456 | ||
| 038 | _akhadija | ||
| 082 |
_a519.3 _bDIX |
||
| 100 |
_aDixit, Avinash. _982525 |
||
| 245 | _aGAMES OF STRATEGY / | ||
| 250 | _a3rd ed. | ||
| 260 |
_aNew Delhi : _bViva Books, _c2012. |
||
| 300 |
_a794 p. ; _b24 cm |
||
| 500 | _aPaperback. | ||
| 563 | _apaperback | ||
| 942 |
_cBK _2ddc |
||
| 999 |
_c33449 _d33449 |
||